00512nam a22001697a 4500003000400000020001800004082001800022100002000040245005400060260003800114300000700152650002800159700001800187942001200205952010800217999001700325SGT a9783659879821 a617.601bD24K aKhurana, Charu  aDental HomebComprehensive Oral Healthcare Centre bLambert Academic Publishingc2024 a47 aPublic Health Dentistry aDas, Diptajit 2ddccBK 00102ddc4070aFDbFDd2025-04-09iSGTUl0o617.601 D24KpFD9690r2025-04-09 00:00:00w2025-04-09yBK c30808d30808